000 00596nam a2200217Ia 4500
005 20250923144747.0
008 008 250917s9999 xx 000 0 eng d
037 _aTextual
040 _aDSWL
_beng
_cDSWL
041 _aeng
_2eng
084 _aY172.2,N5
_qDSWL
100 _aIyer, L.A.K.
_9828125
245 0 _aAnthropology in India
_cby L.A.K. Iyer
260 _aBombay
_bBhartiya Vidya Bhavan
_c1961
300 _axii,257p.
365 _aINR
_b10
700 _aL.K.B. Ratnam
_9828126
925 _g10
942 _cTEXL
_hY172.2,N5
999 _c1443001
_d1443001